000 00851nam a22002897a 4500
001 BR6004109
003 BR-BrBNA
005 20230928095603.0
007 ta
008 230509b bl.||||| |||| 00| 0 por d
040 _aBR-BrBNA
_bpor
_cBiblioteca Nacional de Agricultura
041 _a(Por)
072 _aE50; E30
090 _ E50 BR6004109
110 1 _aInstituto Nacional de Colonizacao e Reforma Agraria, Belo Horizonte, MG (Brasil)
_96405
245 1 _aInforme sinoptico sobre o Projeto Integrado de Colonizacao de Altamira
260 3 _aBelo Horizonte, MG (Brasil):
_c1973.
300 _a29 p.
500 _a9 illus.
650 _aSociologia Rural
650 _aColonizacao
650 _aDesenvolvimento Agricola
650 _aProjeto de Colonizacao
650 _aPara
909 _a202309
_bLucia
_c55
_dLucia Elande
942 _cBK
999 _c57462
_d57462